County Seats Of Idaho - Statistics

General Stats
  • This quiz has been taken 255 times
  • The average score is 30 of 44
Answer Stats
County Seat % Correct
Ada Boise
100%
Bannock Pocatello
96%
Kootenai Coeur d'Alene
95%
Bonneville Idaho Falls
95%
Canyon Caldwell
85%
Latah Moscow
84%
Elmore Mountain Home
80%
Madison Rexburg
80%
Nez Perce Lewiston
78%
____ _____ Twin Falls
78%
Lemhi Salmon
76%
Bonner Sandpoint
76%
Bingham Blackfoot
75%
Boundary Bonners Ferry
75%
Boise Idaho City
75%
______ Jerome
73%
Butte Arco
71%
Caribou Soda Springs
69%
_______ Gooding
65%
_______ Payette
65%
Cassia Burley
64%
Custer Challis
64%
Idaho Grangeville
64%
Blaine Hailey
64%
Bear Lake Paris
64%
Lewis Nezperce
62%
Minidoka Rupert
62%
Power American Falls
60%
Adams Council
60%
Clearwater Orofino
60%
Gem Emmett
58%
Fremont Saint Anthony
58%
Benewah St. Maries
58%
Franklin Preston
56%
Jefferson Rigby
56%
Shoshone Wallace
56%
Valley Cascade
55%
Oneida Malad City
55%
Lincoln Shoshone
55%
Teton Driggs
53%
Washington Weiser
53%
Owyhee Murphy
49%
Clark Dubois
45%
Camas Fairfield
42%
No matching quizzes found
Score Distribution
Percent of People with Each Score
Percentile by Number Answered
Your Score History
You have not taken this quiz